[Event "SUI-ch (Women)"]
[Site "Flims"]
[Date "2021.07.15"]
[Round "8"]
[White "Stoeri, Laura"]
[Black "Thode, Gilda"]
[Result "1-0"]
[WhiteElo "2126"]
[BlackElo "1973"]
[PlyCount "83"]
[EventDate "2021.07.08"]
[EventType "tourn"]
[EventRounds "9"]
[EventCountry "SUI"]
[SourceTitle "EXT 2022"]
[Source "ChessBase"]
[SourceDate "2021.10.06"]
[SourceVersion "1"]
[SourceVersionDate "2021.10.06"]
[SourceQuality "1"]

1. e4 e6 2. Nf3 d5 3. e5 c5 4. b4 cxb4 5. d4 Nc6 6. a3 Bd7 7. axb4 Bxb4+ 8. c3 Ba5 9. Bd3 Nge7 10. 0-0 h6 11. Bc2 a6 12. Nfd2 Bc7 13. Re1 Na5 14. Qg4 g6 15. h4 h5 16. Qf4 Nf5 17. Nf3 Nc4 18. Ng5 Qe7 19. Na3 Nb6 20. Bd3 0-0-0 21. Nc2 Qe8 22. Ba3 f6 23. Nf3 Qf7 24. Bc5 Na4 25. Bb4 a5 26. Ba3 Nxc3 27. Qd2 Nb5 28. Bc5 b6 29. Ba3 Nxa3 30. Nxa3 Bc6 31. Rac1 Kb7 32. Rb1 Ra8 33. Rec1 fxe5 34. dxe5 Qe7 35. Qc3 Qd7 36. Bxf5 gxf5 37. Nd4 Bxe5 38. Rxb6+ Kxb6 39. Qc5+ Kc7 40. Nxc6 Kb7 41. Qb5+ Kc8 42. Nxe5+ 1-0

[Event "SUI-ch (Women)"]
[Site "Flims"]
[Date "2021.07.12"]
[Round "5"]
[White "Kurapova, Olga"]
[Black "Thode, Gilda"]
[Result "1/2-1/2"]
[WhiteElo "1927"]
[BlackElo "1973"]
[PlyCount "158"]
[EventDate "2021.07.08"]
[EventType "tourn"]
[EventRounds "9"]
[EventCountry "SUI"]
[SourceTitle "EXT 2022"]
[Source "ChessBase"]
[SourceDate "2021.10.06"]
[SourceVersion "1"]
[SourceVersionDate "2021.10.06"]
[SourceQuality "1"]

1. e4 e6 2. d4 d5 3. Nd2 Nf6 4. e5 Nfd7 5. f4 c5 6. c3 Nc6 7. Ndf3 cxd4 8. cxd4 b5 9. Bd3 Qb6 10. Ne2 g6 11. g4 h5 12. gxh5 Rxh5 13. Ng3 Rh8 14. Be3 Bb4+ 15. Kf2 Bb7 16. Ng5 Be7 17. Qg4 Nf8 18. h4 Nb4 19. Bb1 Rc8 20. Qd1 Qc7 21. Qb3 Qc4 22. Qxc4 bxc4 23. Ke2 Ba6 24. Kd2 Nd3 25. Bxd3 cxd3 26. Rac1 Bb4+ 27. Kd1 Rxc1+ 28. Bxc1 Nd7 29. Bd2 Be7 30. h5 gxh5 31. Rxh5 Rxh5 32. Nxh5 Nb6 33. b3 Nd7 34. Ba5 Nb8 35. Nh7 Nc6 36. N5f6+ Bxf6 37. Nxf6+ Kf8 38. Bc3 Kg7 39. Nd7 Kg6 40. Nc5 Bc8 41. Nxd3 Kf5 42. Kd2 Ke4 43. b4 a6 44. a4 Na7 45. Bb2 Kf5 46. Ke3 Nc6 47. Bc3 Na7 48. Nc5 f6 49. Be1 fxe5 50. fxe5 Kg4 51. Bf2 Kg5 52. Kf3 Kf5 53. Be3 Nc6 54. b5 axb5 55. axb5 Na5 56. b6 Nb7 57. Bf4 Nxc5 58. dxc5 Bb7 59. Bg3 d4+ 60. Ke2 Ke4 61. Kd2 Kd5 62. Kd3 Ba6+ 63. Kd2 Kxc5 64. Bf2 Kd5 65. Bg3 Ke4 66. Bh2 Bb7 67. Bg3 Kd5 68. Kd3 Ba6+ 69. Kd2 Kc6 70. Bf2 Kc5 71. Bg1 Kd5 72. Bh2 Kc4 73. Bg3 Bb7 74. Bh2 Kd5 75. Kd3 Bc8 76. Bg3 Ba6+ 77. Kd2 Ke4 78. Bh2 Kf3 79. Bg1 Ke4 1/2-1/2

[Event "SUI-ch (Women)"]
[Site "Flims"]
[Date "2021.07.11"]
[Round "4"]
[White "Thode, Gilda"]
[Black "Pellicoro, Nathalie"]
[Result "1-0"]
[WhiteElo "1973"]
[BlackElo "1911"]
[PlyCount "127"]
[EventDate "2021.07.08"]
[EventType "tourn"]
[EventRounds "9"]
[EventCountry "SUI"]
[SourceTitle "EXT 2022"]
[Source "ChessBase"]
[SourceDate "2021.10.06"]
[SourceVersion "1"]
[SourceVersionDate "2021.10.06"]
[SourceQuality "1"]

1. d4 Nf6 2. Nf3 c5 3. d5 b5 4. c4 g6 5. cxb5 a6 6. bxa6 Bg7 7. Nc3 0-0 8. e4 Qa5 9. Bd2 Bxa6 10. Bxa6 Qxa6 11. Qe2 e6 12. Qxa6 Nxa6 13. dxe6 fxe6 14. 0-0 Nb4 15. h3 Nd3 16. Rab1 d5 17. exd5 exd5 18. Bg5 Ne4 19. Nxd5 Rxf3 20. gxf3 Nxg5 21. Kg2 Rxa2 22. b4 Bd4 23. bxc5 Bxf2 24. Nb4 Nf4+ 25. Kh1 Re2 26. Rbc1 Bg3 27. Rc2 Rxc2 28. Nxc2 Nfe6 29. c6 Kf7 30. f4 Ne4 31. f5 gxf5 32. Rxf5+ Nf6 33. Kg2 Bd6 34. Ne3 Ke7 35. Ra5 Bc7 36. Nf5+ Ke8 37. Ra8+ Nd8 38. Ra7 Nd5 39. Ra6 Nb4 40. Ra7 Nd5 41. Ra8 Ne7 42. Nd4 Be5 43. Kf3 Bh2 44. Ke4 Bg3 45. Kd3 Nd5 46. Ke4 Ne7 47. Ke3 Bh2 48. Kf3 Be5 49. Ke4 Bg3 50. Nf5 Nxf5 51. Kxf5 Bd6 52. Ke4 Bh2 53. Kd5 Bf4 54. Rc8 Ke7 55. c7 Ne6 56. Re8+ Kxe8 57. c8Q+ Nd8 58. Qg4 Bc7 59. Qg8+ Ke7 60. Qxh7+ Nf7 61. Qe4+ Kf8 62. h4 Bd8 63. Ke6 Nh6 64. Qg6 1-0

[Event "BL2 Sued 1920 (Women)"]
[Site "Germany"]
[Date "2019.09.14"]
[Round "1.3"]
[White "Klotz, Sonja"]
[Black "Thode, Gilda"]
[Result "0-1"]
[WhiteElo "1968"]
[BlackElo "1961"]
[PlyCount "160"]
[EventDate "2019.09.14"]
[EventType "team-tourn"]
[EventRounds "7"]
[EventCountry "GER"]
[SourceTitle "EXT 2021"]
[Source "ChessBase"]
[SourceDate "2020.10.23"]
[SourceVersion "1"]
[SourceVersionDate "2020.10.23"]
[SourceQuality "1"]
[WhiteTeam "Stuttgart Wolfbusch (W)"]
[BlackTeam "Freiburg Zaehringen (W)"]
[WhiteTeamCountry "GER"]
[BlackTeamCountry "GER"]

1. e4 e6 2. d4 d5 3. Nc3 Nc6 4. Nf3 Nf6 5. Bg5 Be7 6. Bxf6 Bxf6 7. Bb5 0-0 8. Qd2 a6 9. Bxc6 bxc6 10. 0-0 Bb7 11. Rfe1 Rb8 12. Rab1 c5 13. exd5 Bxd5 14. Ne5 cxd4 15. Qxd4 Bxa2 16. Qxd8 Rfxd8 17. Nxa2 Bxe5 18. c3 a5 19. b4 Bf6 20. bxa5 Ra8 21. Rb5 Rd2 22. Ra1 c6 23. Rc5 Be7 24. Re5 Bd6 25. Ree1 Bc5 26. Rf1 Rxa5 27. Nb4 Rxa1 28. Rxa1 h6 29. Nxc6 Rxf2 30. Kh1 Rc2 31. g3 Rxc3 32. Ra8+ Kh7 33. Ne5 Rc1+ 34. Kg2 Rg1+ 35. Kh3 f6 36. Nd7 Bd6 37. Ra6 Rd1 38. Ra7 Kg6 39. Kg2 Rd2+ 40. Kh3 h5 41. Ra6 h4 42. Nb6 hxg3 43. hxg3 Rd3 44. Nc4 Bxg3 45. Rxe6 Bf4+ 46. Kg4 Rd4 47. Rc6 Bb8+ 48. Kf3 Rf4+ 49. Kg2 Kg5 50. Rc8 Rg4+ 51. Kf3 Rg3+ 52. Kf2 Rb3 53. Rc5+ Kf4 54. Rd5 Ba7+ 55. Kg2 Rg3+ 56. Kh2 Rc3 57. Nd6 g6 58. Rd2 Be3 59. Rg2 g5 60. Ra2 Kf3 61. Nf5 Bf4+ 62. Kh3 g4+ 63. Kh4 Bg5+ 64. Kh5 Kf4 65. Nd4 Rh3+ 66. Kg6 g3 67. Ne6+ Kf3 68. Nxg5+ fxg5 69. Kxg5 g2 70. Ra3+ Ke4 71. Ra4+ Kf3 72. Ra3+ Kf2 73. Ra2+ Kg3 74. Ra1 Rh1 75. Ra3+ Kf2 76. Ra2+ Kf3 77. Ra3+ Ke4 78. Ra4+ Ke5 79. Ra5+ Kd6 80. Ra6+ Kc7 0-1

[Event "Biel ATO op 52nd"]
[Site "Biel"]
[Date "2019.07.28"]
[Round "6"]
[White "Thode, Gilda"]
[Black "Hari, Charan Sai Kalluri"]
[Result "1-0"]
[WhiteElo "1931"]
[BlackElo "1634"]
[PlyCount "99"]
[EventDate "2019.07.20"]
[EventType "swiss"]
[EventRounds "9"]
[EventCountry "SUI"]
[SourceTitle "EXT 2020"]
[Source "ChessBase"]
[SourceDate "2019.10.17"]
[SourceVersion "1"]
[SourceVersionDate "2019.10.17"]
[SourceQuality "1"]

1. d4 d5 2. Nf3 Nf6 3. Bg5 Ne4 4. Bh4 c6 5. c3 Qb6 6. Qb3 e6 7. Nbd2 f5 8. Nxe4 fxe4 9. Ne5 Bd6 10. Bg3 Qc7 11. c4 Qa5+ 12. Kd1 0-0 13. c5 Bxe5 14. Bxe5 Nd7 15. Bg3 b6 16. cxb6 axb6 17. Qc3 c5 18. Qxa5 Rxa5 19. dxc5 Nxc5 20. b4 Nb3 21. bxa5 Nxa1 22. axb6 Bb7 23. Kc1 d4 24. Kb2 Bd5 25. Kxa1 Ra8 26. Kb1 Bxa2+ 27. Kb2 Bd5 28. Be5 Ra2+ 29. Kb1 Ra4 30. Bc7 Ba2+ 31. Kb2 Bd5 32. h4 Ra2+ 33. Kb1 Ra3 34. Rh3 e3 35. fxe3 dxe3 36. Bf4 Rb3+ 37. Kc2 Ra3 38. Bxe3 Ra1 39. Bc1 Ra6 40. Rc3 Rxb6 41. Rc8+ Kf7 42. Rc7+ Kf6 43. Bb2+ e5 44. g4 Be4+ 45. Kc1 h6 46. Rc5 Re6 47. Kd2 Bb7 48. Ke3 g6 49. h5 Ba6 50. Bg2 1-0

[Event "Biel ATO op 52nd"]
[Site "Biel"]
[Date "2019.07.25"]
[Round "4"]
[White "Thode, Gilda"]
[Black "Haag, Rolf"]
[Result "1/2-1/2"]
[WhiteElo "1931"]
[BlackElo "1817"]
[PlyCount "101"]
[EventDate "2019.07.20"]
[EventType "swiss"]
[EventRounds "9"]
[EventCountry "SUI"]
[SourceTitle "EXT 2020"]
[Source "ChessBase"]
[SourceDate "2019.10.17"]
[SourceVersion "1"]
[SourceVersionDate "2019.10.17"]
[SourceQuality "1"]

1. d4 e6 2. Nf3 f5 3. g3 b6 4. Bg2 Bb7 5. c4 Bb4+ 6. Nbd2 Nf6 7. 0-0 Bxd2 8. Bxd2 Be4 9. Bb4 Nc6 10. Ba3 Ne7 11. Qb3 0-0 12. Ng5 Bxg2 13. Kxg2 h6 14. Nh3 g5 15. d5 exd5 16. cxd5 d6 17. f3 Qd7 18. Rae1 Rae8 19. e4 fxe4 20. fxe4 Ng6 21. Qc2 Ne5 22. b3 Nfg4 23. Qd2 Rxf1 24. Rxf1 Rf8 25. Rxf8+ Kxf8 26. Nf2 Nxf2 27. Qxf2+ Qf7 28. Qxf7+ Kxf7 29. Kf1 g4 30. Bc1 h5 31. Kg2 c6 32. dxc6 Nxc6 33. h3 Ke6 34. hxg4 hxg4 35. Bb2 d5 36. exd5+ Kxd5 37. Bc3 Ke4 38. Kf2 Kd3 39. Bf6 b5 40. Ke1 Nb4 41. a4 bxa4 42. bxa4 a6 43. Bd8 Nc6 44. Bb6 Ne7 45. a5 Nf5 46. Kf2 Nd6 47. Bc7 Nc4 48. Bb6 Nd2 49. Bc7 Kd4 50. Ke2 Nb3 51. Bb6+ 1/2-1/2

[Event "Zuerich op-B 41st"]
[Site "Zuerich"]
[Date "2017.12.29"]
[Round "6"]
[White "Gamsa, Loris"]
[Black "Thode, Gilda"]
[Result "1-0"]
[WhiteElo "1849"]
[BlackElo "1979"]
[PlyCount "81"]
[EventDate "2017.12.26"]
[EventType "swiss"]
[EventRounds "7"]
[EventCountry "SUI"]
[SourceTitle "CBM 182 Extra"]
[Source "ChessBase"]
[SourceDate "2018.02.23"]
[SourceVersion "1"]
[SourceVersionDate "2018.02.23"]
[SourceQuality "1"]

1. e4 e6 2. d3 d5 3. Nd2 Nf6 4. g3 g6 5. Bg2 Bg7 6. Ngf3 0-0 7. 0-0 c5 8. Re1 Nc6 9. h4 Qb6 10. c3 Rd8 11. Qc2 Ng4 12. Rb1 c4 13. d4 dxe4 14. Nxe4 e5 15. Qe2 exd4 16. Qxc4 Be6 17. Nf6+ Nxf6 18. Rxe6 Na5 19. Rxb6 Nxc4 20. Rxb7 dxc3 21. bxc3 Rd1+ 22. Bf1 Nb6 23. Kg2 Bh6 24. Ng5 Bxg5 25. hxg5 Ne4 26. Be2 Re1 27. Bf3 Nxc3 28. Ra1 Rc8 29. Bb2 Rxa1 30. Bxa1 Nb5 31. a4 Nd6 32. Rxa7 Nbc4 33. Bd5 h6 34. gxh6 Kh7 35. Bg7 Nb6 36. Bxf7 Nxf7 37. Rxf7 Nxa4 38. Ba1+ Kxh6 39. Rf4 Nc5 40. Rc4 Ra8 41. Bf6 1-0

[Event "Zuerich op-B 41st"]
[Site "Zuerich"]
[Date "2017.12.28"]
[Round "4"]
[White "Gerber, Urs"]
[Black "Thode, Gilda"]
[Result "0-1"]
[WhiteElo "1804"]
[BlackElo "1979"]
[PlyCount "76"]
[EventDate "2017.12.26"]
[EventType "swiss"]
[EventRounds "7"]
[EventCountry "SUI"]
[SourceTitle "CBM 182 Extra"]
[Source "ChessBase"]
[SourceDate "2018.02.23"]
[SourceVersion "1"]
[SourceVersionDate "2018.02.23"]
[SourceQuality "1"]

1. e4 e6 2. d4 d5 3. Nd2 Nf6 4. e5 Nfd7 5. Bd3 c5 6. c3 Nc6 7. Ngf3 Qb6 8. 0-0 cxd4 9. cxd4 Nxd4 10. Nxd4 Qxd4 11. Nf3 Qb6 12. a3 a5 13. Be3 Bc5 14. Bd2 Nf8 15. Qe2 Bd7 16. Rfc1 a4 17. Rc2 Qa7 18. Rac1 b6 19. Be3 Bxe3 20. Qxe3 b5 21. Nd4 Rb8 22. Rc7 Qb6 23. R1c5 b4 24. Nb5 f6 25. Rc8+ Bxc8 26. Rxc8+ Ke7 27. Rxb8 Qxb8 28. Nd6 Nd7 29. f4 Rf8 30. Bb5 fxe5 31. fxe5 Nxe5 32. Qxe5 Qxd6 33. Qxg7+ Rf7 34. Qg5+ Kf8 35. Qh6+ Kg8 36. Qg5+ Kh8 37. Bd3 bxa3 38. Kh1 Qf4 0-1

[Event "London Classic op 8th"]
[Site "London"]
[Date "2016.12.13"]
[Round "6"]
[White "Thode, Gilda"]
[Black "Vardan, Nagpal"]
[Result "1/2-1/2"]
[WhiteElo "1943"]
[BlackElo "2079"]
[PlyCount "92"]
[EventDate "2016.12.09"]
[EventType "swiss"]
[EventRounds "9"]
[EventCountry "ENG"]
[SourceTitle "CBM 176 Extra"]
[Source "ChessBase"]
[SourceDate "2017.03.02"]
[SourceVersion "1"]
[SourceVersionDate "2017.03.02"]
[SourceQuality "1"]

1. d4 d5 2. Nf3 e6 3. Bg5 Be7 4. Bxe7 Qxe7 5. Nbd2 Nf6 6. e3 0-0 7. Ne5 c5 8. c3 b6 9. a4 Nbd7 10. f4 Nxe5 11. fxe5 Nd7 12. Bd3 f6 13. Qh5 g6 14. Qh4 Qg7 15. exf6 Rxf6 16. Nf3 c4 17. Bc2 Bb7 18. 0-0 Raf8 19. Rf2 e5 20. Raf1 e4 21. Ng5 Rxf2 22. Rxf2 Rxf2 23. Qxf2 Nf8 24. Qf4 Bc8 25. Qg3 a6 26. Qb8 Qe7 27. Nxh7 Qxh7 28. Qxc8 Qh6 29. Qh3 Qg5 30. Bd1 b5 31. Qg3 Qe7 32. Qf4 b4 33. Qb8 bxc3 34. bxc3 Qa3 35. Kf2 Qxc3 36. Qd8 Qb2+ 37. Be2 Qb7 38. Bg4 Qc6 39. Bd1 Kf7 40. Qa5 Qb7 41. Bg4 Nh7 42. Qc5 Nf6 43. Bc8 Qb2+ 44. Kg3 Qb8+ 45. Kh3 a5 46. g4 g5 1/2-1/2

[Event "London Classic op 8th"]
[Site "London"]
[Date "2016.12.11"]
[Round "4"]
[White "Thode, Gilda"]
[Black "Haessel, Dale R"]
[Result "0-1"]
[WhiteElo "1943"]
[BlackElo "2208"]
[PlyCount "120"]
[EventDate "2016.12.09"]
[EventType "swiss"]
[EventRounds "9"]
[EventCountry "ENG"]
[SourceTitle "CBM 176 Extra"]
[Source "ChessBase"]
[SourceDate "2017.03.02"]
[SourceVersion "1"]
[SourceVersionDate "2017.03.02"]
[SourceQuality "1"]

1. d4 Nf6 2. Nf3 g6 3. Bg5 Bg7 4. Nbd2 d5 5. e3 Nbd7 6. c3 0-0 7. Bd3 b6 8. 0-0 Bb7 9. Bxf6 Bxf6 10. e4 e5 11. dxe5 Nxe5 12. Nxe5 Bxe5 13. f4 Bg7 14. e5 f6 15. f5 fxe5 16. fxg6 hxg6 17. Rxf8+ Bxf8 18. Bxg6 Qg5 19. Qh5 Qxh5 20. Bxh5 e4 21. b4 Bg7 22. Rc1 Bh6 23. Rd1 Rf8 24. Nf1 c5 25. bxc5 bxc5 26. Bg4 Re8 27. Ng3 Rd8 28. Nxe4 Be3+ 29. Kh1 Kg7 30. Ng3 Kf6 31. Rf1+ Kg6 32. Bh5+ Kg5 33. Rf5+ Kh6 34. h4 d4 35. Rf6+ Kg7 36. Rf7+ Kg8 37. Rxb7 dxc3 38. Bf7+ Kh8 39. Bb3 Rf8 40. Ne4 Rf4 41. Rb8+ Kg7 42. Rg8+ Kh6 43. g4 Rxe4 44. Bc2 Re6 45. Bf5 Bd4 46. Bxe6 c2 47. Rg6+ Kh7 48. Bf5 c1Q+ 49. Kg2 Qg1+ 50. Kf3 Qe3+ 51. Kg2 Qf2+ 52. Kh3 Qf3+ 53. Kh2 Qf4+ 54. Kg2 Kh8 55. Re6 Qf2+ 56. Kh3 Qf3+ 57. Kh2 Bf2 58. Rh6+ Kg7 59. Rh7+ Kg8 60. Be6+ Kxh7 0-1

[Event "SUI-ch op"]
[Site "Flims"]
[Date "2016.07.08"]
[Round "1"]
[White "Thode, Gilda"]
[Black "Patuzzo, Fabrizio"]
[Result "0-1"]
[WhiteElo "1973"]
[BlackElo "2358"]
[PlyCount "108"]
[EventDate "2016.07.08"]
[EventType "swiss"]
[EventRounds "9"]
[EventCountry "SUI"]
[SourceTitle "CBM 173 Extra"]
[Source "ChessBase"]
[SourceDate "2016.08.29"]
[SourceVersion "1"]
[SourceVersionDate "2016.08.29"]
[SourceQuality "1"]

1. d4 d5 2. Nf3 Nf6 3. Bg5 Nbd7 4. Nbd2 g6 5. e3 Bg7 6. h3 c5 7. c3 Qb6 8. Qc2 0-0 9. Be2 Re8 10. 0-0 e5 11. dxe5 Nxe5 12. Nxe5 Rxe5 13. Nf3 Re8 14. Rfd1 Bf5 15. Bd3 Ne4 16. Qb3 Be6 17. Bf4 Rac8 18. Qxb6 axb6 19. Bb5 Red8 20. Be5 f6 21. Bh2 Kf7 22. a4 Nd6 23. Be2 Ra8 24. Ra3 Bf8 25. Kf1 Ra7 26. Rda1 Rda8 27. Rb3 Nc8 28. Bc7 Rxa4 29. Rxa4 Rxa4 30. Ra3 Rxa3 31. bxa3 Bd7 32. c4 Ke6 33. Nd2 Bc6 34. cxd5+ Bxd5 35. e4 Bc6 36. Bg4+ f5 37. exf5+ gxf5 38. Be2 b5 39. g4 c4 40. gxf5+ Kd7 41. Be5 Bxa3 42. Bg4 Bd5 43. Nb1 Bf8 44. Nc3 Bc6 45. f3 Nd6 46. Ne2 b4 47. Nd4 Bd5 48. f6+ Ke8 49. Ne6 Bxe6 50. Bxe6 b5 51. Ke2 b3 52. Kd2 Nf7 53. Bc3 Ng5 54. Bf5 h6 0-1

[Event "Bad Ragaz op 11th"]
[Site "Bad Ragaz"]
[Date "2016.03.25"]
[Round "2"]
[White "Teske, Henrik"]
[Black "Thode, Gilda"]
[Result "1-0"]
[WhiteElo "2478"]
[BlackElo "1991"]
[PlyCount "47"]
[EventDate "2016.03.24"]
[EventType "swiss"]
[EventRounds "7"]
[EventCountry "SUI"]
[SourceTitle "EXT 2018"]
[Source "ChessBase"]
[SourceDate "2017.10.13"]
[SourceVersion "1"]
[SourceVersionDate "2017.10.13"]
[SourceQuality "1"]

1. e4 e6 2. d4 d5 3. Nd2 Nf6 4. e5 Nfd7 5. Bd3 c5 6. c3 Nc6 7. Ne2 cxd4 8. cxd4 f6 9. exf6 Nxf6 10. 0-0 Bd6 11. Nf3 0-0 12. Bf4 Bxf4 13. Nxf4 Ne4 14. Qc1 Qf6 15. Ne2 Qg6 16. Qe3 Rxf3 17. Qxf3 e5 18. Bxe4 dxe4 19. Qb3+ Kh8 20. dxe5 Nxe5 21. Qg3 Qf6 22. Nc3 Bf5 23. Nd5 Qd6 24. Rad1 1-0

[Event "EU-ch U16 Girls 23rd"]
[Site "Budva"]
[Date "2013.09.30"]
[Round "2"]
[White "Magnusdottir, Veronika Steinunn"]
[Black "Thode, Gilda"]
[Result "0-1"]
[WhiteElo "1577"]
[BlackElo "1880"]
[PlyCount "40"]
[EventDate "2013.09.29"]
[EventType "swiss"]
[EventRounds "9"]
[EventCountry "MNE"]
[SourceTitle "EXT 2014"]
[Source "ChessBase"]
[SourceDate "2013.11.20"]
[SourceVersion "1"]
[SourceVersionDate "2013.11.20"]
[SourceQuality "1"]

1. e4 e6 2. d4 d5 3. Nd2 c5 4. c3 Nc6 5. exd5 Qxd5 6. dxc5 Bxc5 7. c4 Qd4 8. Qf3 Nb4 9. Kd1 Bd7 10. a3 Ba4+ 11. b3 Bc6 12. Qe3 Qxa1 13. Qxc5 Na2 14. Ne2 Rd8 15. Kc2 Nxc1 16. Nxc1 Ne7 17. f3 b6 18. Qg5 Nf5 19. Ne2 h6 20. Qf4 g5 0-1

[Event "Verbandsliga Sued Baden 1112"]
[Site "Germany"]
[Date "2012.03.25"]
[Round "8.8"]
[White "Thode, Gilda"]
[Black "Kramer, Gerald"]
[Result "0-1"]
[WhiteElo "1868"]
[BlackElo "2018"]
[PlyCount "76"]
[EventDate "2011.10.09"]
[EventType "team-tourn"]
[EventRounds "9"]
[EventCountry "GER"]
[SourceTitle "EXT 2013"]
[Source "ChessBase"]
[SourceDate "2012.11.22"]
[SourceVersion "1"]
[SourceVersionDate "2012.11.22"]
[SourceQuality "1"]
[WhiteTeam "Engen"]
[BlackTeam "Iffezheim"]
[WhiteTeamCountry "GER"]
[BlackTeamCountry "GER"]

1. d4 Nf6 2. c4 g6 3. Nc3 Bg7 4. e4 d6 5. h3 c6 6. Nf3 Na6 7. Bg5 Qa5 8. Qd2 0-0 9. a3 c5 10. d5 Re8 11. 0-0-0 Nd7 12. Bd3 Bxc3 13. Qxc3 Qxc3+ 14. bxc3 Kg7 15. g4 f6 16. Be3 Nab8 17. Rdg1 Ne5 18. Nxe5 fxe5 19. g5 Nd7 20. h4 Nb6 21. h5 Bd7 22. Rh2 Ba4 23. Rgh1 Rh8 24. Kb2 Bd7 25. hxg6 hxg6 26. Rh6 Bg4 27. f4 exf4 28. Bxf4 Nd7 29. Rf1 Bh5 30. Kc2 Rhf8 31. Kd2 Ne5 32. Bxe5+ dxe5 33. Be2 Rxf1 34. Bxf1 Rf8 35. Ke1 Rf4 36. Be2 Rxe4 37. Kd1 Bxe2+ 38. Kd2 Bh5 0-1

[Event "Zuerich op-B 33rd"]
[Site "Zuerich"]
[Date "2009.12.28"]
[Round "5"]
[White "Ovsepyan, Arshak"]
[Black "Thode, Gilda"]
[Result "1-0"]
[WhiteElo "1869"]
[BlackElo "1619"]
[PlyCount "105"]
[EventDate "2009.12.26"]
[EventType "swiss"]
[EventRounds "7"]
[EventCountry "SUI"]
[SourceTitle "EXT 2019"]
[Source "ChessBase"]
[SourceDate "2018.10.10"]
[SourceVersion "1"]
[SourceVersionDate "2018.10.10"]
[SourceQuality "1"]

1. e4 d6 2. d4 Nf6 3. Nc3 g6 4. Nf3 Bg7 5. Bd3 0-0 6. Bf4 Bg4 7. h3 Bxf3 8. gxf3 Nh5 9. Be3 e5 10. dxe5 Bxe5 11. Qd2 Bxc3 12. Qxc3 Qf6 13. Qxf6 Nxf6 14. 0-0-0 Kg7 15. Rdg1 Nc6 16. f4 Nb4 17. e5 Nxd3+ 18. cxd3 Nd5 19. Bd2 h6 20. h4 dxe5 21. fxe5 h5 22. f4 Kh7 23. Rg3 Rg8 24. Rhg1 Ne7 25. Be1 Nf5 26. Rg5 Nd4 27. R5g2 Rad8 28. Rf2 Nf5 29. Rf3 Nd4 30. Re3 Nf5 31. Rh3 Nd4 32. Kd2 Nf5 33. Bf2 Rg7 34. Kc3 Rgg8 35. d4 Rd5 36. b4 b5 37. Ra1 a6 38. a4 Ng7 39. Rd3 Ne6 40. Be3 Rgd8 41. Rd2 Kg8 42. axb5 axb5 43. Ra6 Kf8 44. Ra7 R8d7 45. Ra8+ Rd8 46. Rxd8+ Nxd8 47. Ra2 Ke7 48. Kd3 Kd7 49. Ke4 Ke6 50. Ra8 Rd7 51. Ra7 Nc6 52. Ra6 Ke7 53. Rxc6 1-0